000 00409nam a2200169 4500
001 8242
005 20230411085823.0
008 060907n2001 dr spa
020 _a8434505258
035 _9funglode8312
041 _aES
050 1 4 _aR G 1965 N322n 2001
245 0 _aNuevo atlas de España
260 _aEspaña :
_bSalvat Editores,
_c2001
300 _a216 p.
942 _2lcc
_cbk
999 _c107843
_d107843